Loading...

ഒരു നീണ്ടരാത്രിയുടെ ഓർമയ്ക്കായിയും അരക്ഷിതാവസ്ഥയും /

അടിയന്താരാവസ്ഥയാണ് ഈ കഥകൾക്ക് നിമിത്തമായതെങ്കിലും ഏകാധിപത്യവും ചൂഷണവും അന്യവത്കരണവും നിലനിൽക്കുന്ന എല്ലാ സമൂഹങ്ങളിലും പ്രസക്തമായ വൈകാരിക യാഥാർത്ഥ്യത്തിന്റെ രസനീയ മേഖലകളിലേക്ക് ഉയരുന്നു. ഒ. വി. വിജയന്റെ ഒരു നീണ്ടരാത്രിയുടെ ഓർമയ്ക്കായി, അരക്ഷിതാവസ്ഥ എന്നീ രണ്ടു സമാഹാരങ്ങൾ ഒന്നിച്ച്....

Full description

Bibliographic Details
Main Author: വിജയൻ, ഒ. വി., 1930-2005
Format: Printed Book
Language:Malayalam
Published: കോട്ടയം : ഡി. സി. ബുക്ക്സ്, 2019.
Subjects:
LEADER 01651 a2200181 4500
008 211123b |||||||| |||| 00| j mal d
020 |a 9789352827718 
082 |a 855.336 
100 1 |a വിജയൻ, ഒ. വി.,  |d 1930-2005  |9 1580663 
245 |a ഒരു നീണ്ടരാത്രിയുടെ ഓർമയ്ക്കായിയും അരക്ഷിതാവസ്ഥയും /  |c ഒ. വി. വിജയൻ 
246 |a Oru neendarathriyude ormakkayiyum arakshithavasthayum 
260 |b ഡി. സി. ബുക്ക്സ്,  |c 2019.  |a കോട്ടയം : 
300 |a 158p. ;  |c 21cm. 
520 |a അടിയന്താരാവസ്ഥയാണ് ഈ കഥകൾക്ക് നിമിത്തമായതെങ്കിലും ഏകാധിപത്യവും ചൂഷണവും അന്യവത്കരണവും നിലനിൽക്കുന്ന എല്ലാ സമൂഹങ്ങളിലും പ്രസക്തമായ വൈകാരിക യാഥാർത്ഥ്യത്തിന്റെ രസനീയ മേഖലകളിലേക്ക് ഉയരുന്നു. ഒ. വി. വിജയന്റെ ഒരു നീണ്ടരാത്രിയുടെ ഓർമയ്ക്കായി, അരക്ഷിതാവസ്ഥ എന്നീ രണ്ടു സമാഹാരങ്ങൾ ഒന്നിച്ച്. 
650 7 |2 fast  |9 1178016  |a Short stories, Malayalam 
942 |2 ddc  |c BK 
999 |c 352402  |d 352402 
952 |0 0  |1 0  |2 ddc  |4 0  |6 855_336000000000000_ORU  |7 0  |9 407266  |a UL  |b UL  |c ST1  |d 2020-08-25  |g 110.40  |l 1  |o 855.336 ORU  |p 104132  |r 2021-12-13  |s 2021-12-10  |v 160.00  |y BK